00285nam a2200109Ia 4500008004100000020001500041100001900056245002700075250001100102260004500113300001700158180205s9999 xx 000 0 und d a1582558396 aYuan, Sarah Y. aHandbook of diseases / a3rd ed aUSAbLippincott williams & wilkinsc2004 av, 979 pages